The dimensions reader: (Record no. 2423)

MARC details
000 -LEADER
fixed length control field 00600nam a2200157 4500
001 - CONTROL NUMBER
control field 3015
005 - DATE AND TIME OF LATEST TRANSACTION
control field 20181127170326.0
008 - FIXED-LENGTH DATA ELEMENTS--GENERAL INFORMATION
fixed length control field 840208s1983 nyua b 001 0 eng
020 ## - INTERNATIONAL STANDARD BOOK NUMBER
International Standard Book Number 9781581525984
245 00 - TITLE STATEMENT
Title The dimensions reader:
Remainder of title Community College of Vermont /
Statement of responsibility, etc. K.D. Maynard. Debby Stewart, Yasmine Ziesler, coordinating editors.
260 ## - PUBLICATION, DISTRIBUTION, ETC.
Place of publication, distribution, etc. Acton, MA:
Name of publisher, distributor, etc. Copley Custom Textbooks,
Date of publication, distribution, etc. 2008.
300 ## - PHYSICAL DESCRIPTION
Extent xv, 563 p. :
Other physical details
Dimensions 22 cm.
500 ## - GENERAL NOTE
General note "An anthology to accompany Community College of Vermont's first semester seminars"
650 #0 - SUBJECT ADDED ENTRY--TOPICAL TERM
Topical term or geographic name entry element College readers.
Topical term or geographic name entry element English language
General subdivision Rhetoric.
Holdings
Withdrawn status Lost status Source of classification or shelving scheme Damaged status Not for loan Collection code Home library Current library Shelving location Serial Enumeration / chronology Inventory number Total Checkouts Full call number Barcode Date last seen Price effective from Koha item type
    Dewey Decimal Classification     Main TEST RTC Library RTC Library Main opac 5398   808.8 MAY 30001120 27/11/2018 27/11/2018 Main
Royal Thimphu College || All Right Reserved